Poesias completas de Cruz e Sousa (Record no. 182473)

MARC details
000 -LÍDER
campo de controle de tamanho fixo 00381 a2200169 4500
001 - NÚMERO DE CONTROLE
campo de controle 182473
020 ## - ISBN - INTERNATIONAL STANDARD BOOK NUMBER
ISBN - International Standard Book Number 85-00-11213-1
040 ## - FONTE DA CATALOGAÇÃO
Instituição que transcreveu o registro Magnum
100 ## - ENTRADA PRINCIPAL--NOME PESSOAL
Nome pessoal Sousa, Cruz e
240 10 - TÍTULO UNIFORME
Título uniforme Poesias completas de Cruz e Sousa
Idioma da obra por
245 10 - TÍTULO
Título Poesias completas de Cruz e Sousa
300 ## - DESCRIÇÃO FÍSICA
Extensão 118
362 0# - DATAS DE PUBLICAÇÃO E/OU DESIGNAÇÃO SEQUENCIAL
Datas de publicação e/ou designação sequencial 1998
440 #1 - DECLARAÇÃO DE SÉRIE/ENTRADA ADICIONADA--TÍTULO
Título Ediouro
697 ## - ENTRADA DE ASSUNTO LOCAL--ENTIDADE COLETIVA (RLIN)
Nome corporativo ou nome da jurisdição LITERATURA GERAL
942 ## - ELEMENTOS DE ENTRADA ADICIONADOS (KOHA)
Tipo de material Koha Livros
Holdings
Situação do descarte Situação das perdas Situação física Não pode ser emprestado Biblioteca de origem Biblioteca atual Data de aquisição Total de empréstimos Número de chamada completo Código de barras Data de último acesso Data do preço efetivo Tipo de material Koha
        Magnum Magnum 08/06/2024   869.4.92 MAG00034062 08/06/2024 08/06/2024 Livros
        Magnum Magnum 08/06/2024   869.4.92 MAG00034063 08/06/2024 08/06/2024 Livros
        Magnum Magnum 08/06/2024   869.4.92 MAG00034064 08/06/2024 08/06/2024 Livros
        Magnum Magnum 08/06/2024   869.4.92 MAG00034065 08/06/2024 08/06/2024 Livros
        Magnum Magnum 08/06/2024   869.4.92 MAG00034066 08/06/2024 08/06/2024 Livros
        Magnum Magnum 08/06/2024   869.4.92 MAG00034067 08/06/2024 08/06/2024 Livros
        Magnum Magnum 08/06/2024   869.4.715 MAG00067925 08/06/2024 08/06/2024 Livros